[Event "PRO League Central 2017"]
[Site "chess.com INT"]
[Date "2017.02.01"]
[Round "4"]
[White "Campbell, Charles"]
[Black "Meier, Georg"]
[Result "0-1"]
[WhiteTitle "CM"]
[BlackTitle "GM"]
[WhiteElo "2192"]
[BlackElo "2630"]
[WhiteTeam "Abuja Rockstars"]
[BlackTeam "Stockholm Snowballs"]
[WhiteFideId "8500436"]
[BlackFideId "4675789"]
[EventDate "2017.01.11"]

1. d4 e6 2. c4 b6 3. a3 Nf6 4. Nc3 d5 5. cxd5 Nxd5 6. Nf3 Bb7 7. Bd2 Be7 8. Rc1
Nd7 9. e3 O-O 10. Be2 c5 11. O-O N5f6 12. Qc2 Rc8 13. Qb1 a6 14. Rfd1 Rc7 15.
dxc5 Rxc5 16. Be1 Qa8 17. b4 Rcc8 18. Rd2 h6 19. Rdc2 Rfd8 20. Qb3 Bd6 21. Rd1
Qb8 22. h3 Be7 23. Rdc1 Rc7 24. Nd4 Rdc8 25. Bf3 Bxf3 26. Nxf3 Qb7 27. Ne2 b5
28. Ned4 Nd5 29. Qd3 N5b6 30. Nd2 Ne5 31. Qb3 Rxc2 32. Rxc2 Rxc2 33. Qxc2 Nec4
34. Nxc4 Nxc4 35. a4 Bf6 36. axb5 axb5 37. Bc3 Qd5 38. Kf1 Nd6 39. Ba1 Nc4 40.
Bc3 Bxd4 41. Bxd4 e5 42. Bc5 f6 43. Kg1 Kf7 44. Qa2 Qd7 45. Qa8 Ke6 46. Qg8+ Qf7
47. Qxf7+ Kxf7 48. e4 h5 49. f3 g6 50. Kf2 f5 51. Ke2 f4 52. Kd3 g5 53. Ke2 Kf6
54. Kf2 g4 55. hxg4 hxg4 56. g3 gxf3 57. gxf4 exf4 58. Kxf3 Ke5 59. Ba7 Nd2+ 60.
Ke2 Nxe4 61. Bb8+ Kf5 62. Kf3 Ng5+ 63. Kf2 Ke4 64. Bd6 Nf7 65. Be7 Ne5 66. Bd6
Ng4+ 67. Kf1 Kf3 68. Ke1 Nf6 69. Kd1 Ne4 70. Bc7 Ke3 71. Bb6+ Kd3 72. Bc7 f3 73.
Ke1 f2+ 74. Kf1 Ke3 75. Bb6+ Kf3 76. Bxf2 Nxf2 77. Ke1 Ke3 78. Kf1 Nd3 0-1

[Event "PRO League Central 2017"]
[Site "chess.com INT"]
[Date "2017.02.01"]
[Round "4"]
[White "Lapite, Oluwadurotimi"]
[Black "Bacrot, Alexandre"]
[Result "1/2-1/2"]
[WhiteElo "2067"]
[BlackElo "2099"]
[WhiteTeam "Lagos Leatherbacks"]
[BlackTeam "Marseille Migraines"]
[WhiteFideId "8503648"]
[BlackFideId "26076837"]
[EventDate "2017.01.11"]

1. e4 c5 2. Nf3 d6 3. Bb5+ Bd7 4. Bxd7+ Qxd7 5. O-O g6 6. c3 Bg7 7. d4 Nf6 8. e5
Ne4 9. Re1 d5 10. Nbd2 Nxd2 11. Bxd2 cxd4 12. cxd4 Nc6 13. b4 a6 14. a4 O-O 15.
b5 axb5 16. axb5 Rxa1 17. Qxa1 Nd8 18. Qa5 Ne6 19. Ra1 Rc8 20. Qb6 h6 21. h3 Qc7
22. Ba5 Qxb6 23. Bxb6 Rc4 24. Ra7 Rb4 25. Rxb7 Rxb5 26. Rb8+ Kh7 27. Ba7 Ra5 28.
Rb7 Ra1+ 29. Kh2 Nd8 30. Rd7 Nc6 31. Bc5 Ra6 32. Bxe7 Nxd4 33. Rxd5 Nxf3+ 34.
gxf3 Re6 35. Bd6 g5 36. Kg3 f6 37. f4 gxf4+ 38. Kxf4 fxe5+ 39. Bxe5 Re7 40. Bxg7
Kxg7 41. h4 Rb7 42. h5 Ra7 43. f3 Rb7 44. Kf5 Rf7+ 45. Kg4 Rb7 46. Rd6 Rb1 47.
f4 Rc1 48. Rg6+ Kh7 49. Rd6 Kg7 50. Kf5 Rc5+ 51. Kg4 Rc1 52. Rg6+ Kh7 53. Re6
Kg7 54. Kf5 Rc5+ 55. Re5 Rc7 56. Re6 Rf7+ 57. Kg4 Rc7 58. Rg6+ Kh7 59. Ra6 Kg7
60. Kf5 Rf7+ 61. Ke5 Re7+ 62. Kd6 Rf7 63. Ke5 Re7+ 64. Re6 Rc7 65. Rg6+ Kh7 66.
Rd6 Re7+ 67. Kf6 Ra7 68. f5 Rb7 69. Re6 Rb5 70. Re7+ Kg8 71. Kg6 Kf8 72. Rf7+
Kg8 73. Rg7+ Kf8 74. Ra7 Ke8 75. f6 Rg5+ 76. Kxh6 Rf5 77. Kg6 Rf1 78. h6 Rg1+
79. Kf5 Rf1+ 80. Kg6 Rg1+ 81. Kh7 Rf1 82. f7+ Rxf7+ 83. Rxf7 Kxf7 84. Kh8 Kf8
85. h7 Kf7 1/2-1/2

[Event "PRO League Central 2017"]
[Site "chess.com INT"]
[Date "2017.02.01"]
[Round "4"]
[White "Zwirs, Nico"]
[Black "O'Donnell, Conor"]
[Result "1-0"]
[BlackTitle "FM"]
[WhiteElo "2395"]
[BlackElo "2342"]
[WhiteTeam "Apeldoorn Apes"]
[BlackTeam "Dublin Desperados"]
[WhiteFideId "1036432"]
[BlackFideId "2504243"]
[EventDate "2017.01.11"]

1. e4 c6 2. d4 d5 3. exd5 cxd5 4. c4 Nf6 5. Nc3 Nc6 6. Bg5 Ne4 7. Nxe4 dxe4 8.
d5 Ne5 9. Qd4 f6 10. Qxe4 Qb6 11. Bd2 Qxb2 12. Rb1 Qxa2 13. c5 g6 14. Bb5+ Kf7
15. Rc1 Bf5 16. Qd4 Rd8 17. f4 Rxd5 18. Bc4 Qxc4 19. Rxc4 Rxd4 20. Rxd4 Nd3+ 21.
Ke2 Nxc5 22. Rd8 Bg7 23. Rxh8 Bxh8 24. Nf3 e5 25. fxe5 fxe5 26. Be3 b6 27. Bxc5
bxc5 28. Ra1 Bd3+ 29. Ke3 a6 30. Rc1 c4 31. Ne1 e4 32. Nxd3 cxd3 33. Kxe4 d2 34.
Rf1+ Ke6 35. Kd3 Be5 36. h3 a5 37. Kxd2 a4 38. Rf8 a3 39. Ra8 Bb2 40. Ra5 Kf6
41. Kd3 g5 42. g4 h6 43. Ke4 Ke6 44. Ra6+ Kd7 45. Kd3 Kc8 46. Kc2 Kb7 47. Rxh6
Be5 48. Kb3 Bb2 49. h4 gxh4 50. Rxh4 Kc6 51. g5 Kd5 52. Rf4 Ke5 53. Rf1 Ke6 54.
g6 Ke7 55. Rf7+ Ke8 56. Ra7 Kf8 57. Kc4 Bf6 58. Kd5 Bb2 59. Ke6 Kg8 60. Kf5 Bc1
61. g7 Bb2 62. Kg6 Bxg7 63. Rxg7+ Kf8 64. Ra7 a2 65. Rxa2 1-0

[Event "PRO League Central 2017"]
[Site "chess.com INT"]
[Date "2017.02.01"]
[Round "4"]
[White "Daulyte, Deimante"]
[Black "Souleidis, Georgios"]
[Result "0-1"]
[WhiteTitle "IM"]
[BlackTitle "IM"]
[WhiteElo "2447"]
[BlackElo "2401"]
[WhiteTeam "Cannes Blockbusters"]
[BlackTeam "Hamburg Swashbucklers"]
[WhiteFideId "12802859"]
[BlackFideId "4206827"]
[EventDate "2017.01.11"]

1. e4 c5 2. Nf3 Nc6 3. Bb5 g6 4. O-O Bg7 5. Nc3 Nf6 6. e5 Ng4 7. Bxc6 dxc6 8.
Re1 O-O 9. d3 Nh6 10. Ne4 b6 11. Bf4 Bg4 12. h3 Bxf3 13. Qxf3 Nf5 14. c3 f6 15.
e6 Qd5 16. c4 Qd8 17. Rad1 Nd4 18. Qe3 Nxe6 19. Bh6 Nd4 20. Bxg7 Kxg7 21. f4 Nc2
22. Qf2 Nxe1 23. Qxe1 Qd4+ 24. Qf2 Rfd8 25. b3 Rd7 26. g3 Rad8 27. Qxd4 Rxd4 28.
Nf2 f5 29. Kg2 Kf6 30. Re1 R8d6 31. Kf3 Re6 32. Rd1 Rd8 33. g4 h6 34. Rg1 Red6
35. Ke3 b5 36. h4 e5 37. g5+ hxg5 38. fxe5+ Kxe5 39. Rxg5 Kf6 40. Rg1 Rh8 41.
cxb5 cxb5 42. Rc1 Rd5 43. b4 Rc8 44. bxc5 Rdxc5 45. Rf1 Rc1 46. Ne4+ Ke7 47.
Rxc1 Rxc1 48. Nd2 Ra1 49. Nf3 Rxa2 50. Ne5 Kf6 51. d4 Rh2 52. Nc6 Rh3+ 53. Ke2
Rxh4 54. d5 a5 55. Nxa5 Rd4 0-1

[Event "PRO League Central 2017"]
[Site "chess.com INT"]
[Date "2017.02.01"]
[Round "4"]
[White "Daulyte, Deimante"]
[Black "Burg, Twan"]
[Result "1/2-1/2"]
[WhiteTitle "IM"]
[BlackTitle "GM"]
[WhiteElo "2447"]
[BlackElo "2508"]
[WhiteTeam "Cannes Blockbusters"]
[BlackTeam "Hamburg Swashbucklers"]
[WhiteFideId "12802859"]
[BlackFideId "1010697"]
[EventDate "2017.01.11"]

1. e4 c5 2. Nf3 d6 3. d4 cxd4 4. Qxd4 Nc6 5. Bb5 a6 6. Bxc6+ bxc6 7. c4 e5 8.
Qd3 Nf6 9. Nc3 Qc7 10. O-O Be7 11. h3 O-O 12. Rd1 Be6 13. Bg5 Rfd8 14. Rac1 h6
15. Bxf6 Bxf6 16. Nd5 cxd5 17. cxd5 Qb7 18. dxe6 fxe6 19. b3 Rac8 20. Rxc8 Qxc8
21. Rd2 Qc1+ 22. Kh2 Qc6 23. Rc2 Qb6 24. Qe2 Be7 25. g3 Qb7 26. h4 Rf8 27. Kg2
Bd8 28. Rd2 Qc6 29. Rc2 Qb7 30. Rd2 Qc6 31. Rc2 Qb7 32. Rd2 1/2-1/2

[Event "PRO League Central 2017"]
[Site "chess.com INT"]
[Date "2017.02.01"]
[Round "4"]
[White "Colpe, Malte"]
[Black "Daulyte, Deimante"]
[Result "1/2-1/2"]
[BlackTitle "IM"]
[WhiteElo "2413"]
[BlackElo "2447"]
[WhiteTeam "Hamburg Swashbucklers"]
[BlackTeam "Cannes Blockbusters"]
[WhiteFideId "24623075"]
[BlackFideId "12802859"]
[EventDate "2017.01.11"]

1. d4 d5 2. Bf4 Nf6 3. e3 e6 4. Nf3 Bd6 5. Bg3 O-O 6. Bd3 c5 7. c3 Nc6 8. Nbd2
c4 9. Bc2 b5 10. e4 Be7 11. e5 Nd7 12. Qe2 b4 13. h4 h6 14. Nxc4 Ba6 15. b3 bxc3
16. a3 Re8 17. Qe3 dxc4 18. Qe4 Nf8 19. Qxc6 cxb3 20. Qxa6 bxc2 21. O-O Ng6 22.
h5 Nh4 23. Bxh4 Bxh4 24. Rac1 Bg5 25. Rxc2 Rc8 26. Qxa7 Qd5 27. Nxg5 hxg5 28.
Rfc1 Rc4 29. Rxc3 Rxd4 30. Qc5 Rd1+ 31. Kh2 Rxc1 32. Rxc1 Qe4 33. Rc3 Rd8 34.
Re3 Qf4+ 35. Rg3 Rd5 36. Qe3 Rxe5 37. Qxf4 gxf4 38. Rh3 Ra5 39. Kg1 Kh7 40. Rf3
e5 41. g3 Ra4 42. gxf4 exf4 43. Rb3 Kh6 44. Rb4 Rxa3 45. Rxf4 f6 46. Rg4 Rh3 47.
Rg6+ Kh7 48. Rg4 Rxh5 49. Rb4 g5 50. Kg2 Kg6 51. Kg3 Rh1 52. Rb8 Rg1+ 53. Kh2
Ra1 54. Kg3 Ra3+ 55. f3 Ra5 56. Rc8 Rf5 57. Rg8+ Kf7 58. Rb8 Rf4 59. Rb7+ Kg6
60. Rb8 Ra4 61. Rb7 Ra5 62. Rb8 Kf5 63. Rc8 Re5 64. Rb8 Re1 65. Rb5+ Kg6 66. Rb8
Rg1+ 67. Kf2 Rc1 68. Kg3 Rc6 69. Ra8 f5 70. Rg8+ Kf6 71. Rf8+ Ke5 72. Rg8 Kf6
73. Rf8+ Kg6 74. Rg8+ Kh6 75. Rh8+ Kg7 76. Rb8 Rc3 77. Rb7+ Kf6 78. Rb6+ Kf7 79.
Rb5 Ke6 80. Rb6+ Ke5 81. Rb5+ Ke6 82. Rb6+ Kd7 83. Rb5 Ke6 84. Rb6+ Kf7 85. Rb5
Kg6 86. Rb6+ Kh5 87. Rb5 f4+ 88. Kg2 Kh4 89. Rb2 Ra3 90. Rf2 Rb3 91. Kh2 Ra3 92.
Kg2 Re3 93. Rd2 g4 94. fxg4 Kxg4 95. Ra2 f3+ 96. Kf2 Re4 97. Rb2 Ra4 98. Rc2 Kf4
99. Rb2 Rc4 100. Ra2 Re4 101. Rb2 Re2+ 102. Rxe2 fxe2 103. Kxe2 1/2-1/2

[Event "PRO League Central 2017"]
[Site "chess.com INT"]
[Date "2017.02.01"]
[Round "4"]
[White "Jensson, Einar Hjalti"]
[Black "Jones, Gawain C B"]
[Result "0-1"]
[WhiteTitle "IM"]
[BlackTitle "GM"]
[WhiteElo "2386"]
[BlackElo "2665"]
[WhiteTeam "Reykjavik Puffins"]
[BlackTeam "London Towers"]
[WhiteFideId "2301067"]
[BlackFideId "409561"]
[EventDate "2017.01.11"]

1. e4 d6 2. d4 Nf6 3. Nc3 g6 4. f4 Bg7 5. Nf3 O-O 6. Bd3 Nc6 7. O-O e5 8. fxe5
dxe5 9. d5 Ne7 10. Nxe5 c6 11. Bg5 cxd5 12. exd5 Nexd5 13. Nxd5 Qxd5 14. Qf3
Qxf3 15. Rxf3 Ng4 16. Nxg4 Bxg4 17. Rf4 Be6 18. Bf6 Bxf6 19. Rxf6 Rfd8 20. Rf4
Rd6 21. a3 Rad8 22. Re1 Kg7 23. Kf2 f5 24. h4 Kf6 25. g3 h6 26. Ke3 Bd7 27. Ref1
Re8+ 28. Kd2 Re5 29. g4 g5 30. hxg5+ hxg5 31. Rb4 b5 32. gxf5 a5 33. Rg4 Rxf5
34. Rgg1 g4 35. Rxf5+ Bxf5 36. Ke3 Kg5 37. Bxb5 Bxc2 38. Be2 Re6+ 39. Kd2 Bf5
40. b4 Re5 41. bxa5 Rxa5 42. Rg3 Kf4 43. Rb3 g3 44. Ke1 Be4 45. Bb5 Bd5 46. Rb4+
Ke3 47. a4 g2 48. Rg4 Ra7 49. Rg3+ Bf3 50. Bc6 g1=Q+ 51. Rxg1 Bxc6 52. Rg3+ Bf3
53. Rg8 Rxa4 54. Re8+ Be4 55. Rd8 Ra1+ 56. Rd1 Ra2 57. Rd8 Rh2 58. Rf8 Re2+ 59.
Kf1 Rb2 60. Kg1 Rg2+ 61. Kf1 Rg5 62. Ke1 Bg6 63. Rf6 Rb5 0-1

[Event "PRO League Central 2017"]
[Site "chess.com INT"]
[Date "2017.02.01"]
[Round "4"]
[White "Hjartarson, Johann"]
[Black "Roberson, Peter T"]
[Result "1-0"]
[WhiteTitle "GM"]
[BlackTitle "IM"]
[WhiteElo "2540"]
[BlackElo "2401"]
[WhiteTeam "Reykjavik Puffins"]
[BlackTeam "London Towers"]
[WhiteFideId "2300044"]
[BlackFideId "412384"]
[EventDate "2017.01.11"]

1. c4 c5 2. Nf3 Nc6 3. Nc3 g6 4. e3 Nf6 5. d4 cxd4 6. exd4 d5 7. cxd5 Nxd5 8.
Bc4 Nb6 9. Bb3 Bg7 10. Be3 O-O 11. h3 Na5 12. O-O Nxb3 13. axb3 Nd5 14. Bg5 Be6
15. Re1 Re8 16. Ne4 b6 17. Qd2 Qd7 18. Bh6 Rac8 19. Bxg7 Kxg7 20. Neg5 h6 21.
Nxe6+ fxe6 22. Ne5 Qb7 23. Ng4 g5 24. g3 Qd7 25. h4 e5 26. Nxe5 Qf5 27. hxg5 Rc2
28. gxh6+ Kh8 29. Nf7+ Kh7 30. Re5 Qg6 31. Ng5+ Kxh6 32. Qd1 Nf6 33. Kg2 a5 34.
Qf3 Kg7 35. Rae1 Rxb2 36. Rxe7+ Rxe7 37. Rxe7+ Kf8 38. Rf7+ Qxf7 39. Nxf7 Kxf7
40. Qb7+ Kg6 41. Qxb6 a4 42. d5 a3 43. d6 a2 44. d7 Rd2 45. Qa6 Kf7 46. Qxa2
Rxa2 47. d8=Q Rb2 48. Qd3 Ke6 49. Kf3 Nd5 50. g4 Ne7 51. Kg3 Nc6 52. Qc3 Ra2 53.
Qxc6+ 1-0

[Event "PRO League Central 2017"]
[Site "chess.com INT"]
[Date "2017.02.01"]
[Round "4"]
[White "Makaj, Marko"]
[Black "Agrest, Evgenij"]
[Result "1-0"]
[WhiteTitle "FM"]
[BlackTitle "GM"]
[WhiteElo "2332"]
[BlackElo "2593"]
[WhiteTeam "Abuja RockStars"]
[BlackTeam "Stockholm Snowballs"]
[WhiteFideId "14508141"]
[BlackFideId "1705024"]
[EventDate "2017.01.11"]

1. d4 d5 2. Nf3 Nf6 3. c4 c6 4. cxd5 cxd5 5. Nc3 Nc6 6. Bf4 a6 7. Rc1 Nh5 8. Bd2
e6 9. e3 Nf6 10. Bd3 Bd6 11. O-O O-O 12. e4 dxe4 13. Nxe4 Be7 14. Nxf6+ Bxf6 15.
Bc3 Ne7 16. Be4 Nd5 17. Bd2 Bd7 18. Ne5 Rc8 19. Qb3 Rb8 20. Bxd5 exd5 21. Bb4
Re8 22. Bd6 Ra8 23. Qxb7 Be6 24. Qc7 Rc8 25. Qxd8 Rexd8 26. Bc7 Re8 27. f4 g6
28. Bd6 Bf5 29. Kf2 h5 30. b4 g5 31. fxg5 Bxg5 32. Rc5 f6 33. Nf3 Be3+ 34. Kg3
Be4 35. Bf4 Bd3 36. Rd1 Bxf4+ 37. Kxf4 Bc4 38. Re1 Bxa2 39. Rxc8 Rxc8 40. Re6
Rc2 41. Rxa6 Rxg2 42. Rxf6 Rb2 43. Rf5 h4 44. Kg4 Rxb4 45. Kxh4 Rb2 46. Kg3 Kg7
47. h4 Rb3 48. Kf4 Rb1 49. h5 Rb2 50. Ne5 Bb1 51. Rf7+ Kh6 52. Rd7 Be4 53. Ng4+
Kxh5 54. Nf6+ Kg6 55. Nxe4 dxe4 56. Kxe4 Kf6 57. Kd5 Ra2 58. Rc7 Ra5+ 59. Kd6
Ra6+ 60. Rc6 Ra7 61. d5 Kf5 62. Rc7 Ra6+ 63. Rc6 Ra5 64. Rc8 Ke4 65. Rc4+ Kf5
66. Rd4 Ra6+ 67. Kc7 Ke5 68. Rd2 Ra7+ 69. Kb6 Ra1 70. d6 Rb1+ 71. Kc7 Rc1+ 72.
Kd8 Ke6 73. d7 Kf7 74. Rf2+ Kg7 75. Rf4 Rc2 76. Ke7 Re2+ 77. Kd6 Rd2+ 78. Ke6
Re2+ 79. Kd5 Rd2+ 80. Rd4 1-0

[Event "PRO League Central 2017"]
[Site "chess.com INT"]
[Date "2017.02.01"]
[Round "4"]
[White "Nagy, Gabor1"]
[Black "Fernandez, Daniel Howard"]
[Result "1-0"]
[WhiteTitle "IM"]
[BlackTitle "IM"]
[WhiteElo "2433"]
[BlackElo "2473"]
[WhiteTeam "Budapest Gambit"]
[BlackTeam "London Lions"]
[WhiteFideId "737119"]
[BlackFideId "5801605"]
[EventDate "2017.01.11"]

1. e4 g6 2. d4 Bg7 3. Nf3 d6 4. Bc4 e6 5. Bb3 Ne7 6. O-O Nd7 7. Re1 c5 8. Nc3 a6
9. Bg5 h6 10. Bh4 b5 11. e5 g5 12. exd6 Nf5 13. Bd5 Ra7 14. Bg3 cxd4 15. Ne2
Nxg3 16. Nexd4 Nh5 17. Bxe6 O-O 18. Nc6 Qb6 19. Nxa7 Qxa7 20. Bxd7 Bxd7 21. Nxg5
Nf6 22. Nf3 Ng4 23. Re2 Bxb2 24. h3 Nf6 25. Rb1 Ba3 26. Qd2 Kg7 27. Rb3 Bc5 28.
Ne5 Be6 29. Rg3+ Kh7 30. Qd3+ Kh8 31. Qf3 Nh7 32. d7 Be7 33. Rd2 Bg5 34. Rd1 Qc7
35. Qe4 Bf6 36. Ng6+ fxg6 37. Qxe6 Qxc2 38. Rgd3 Bd8 39. R3d2 Qf5 40. Qxa6 Nf6
41. Re2 Kg7 42. Qd6 g5 43. Re5 Qc2 44. Rxb5 Qxa2 45. Rb8 Qf7 46. Re1 Kg6 47. Re8
Rxe8 48. dxe8=Q Qxe8 49. Qd3+ Kg7 50. Rxd8 Qe1+ 51. Qf1 Qe7 52. Rd3 h5 53. Re3
Qd7 54. Qe1 Kg6 55. Qb1+ Kg7 56. Qd3 Qc7 57. Re1 g4 58. h4 Kf7 59. Qf5 Qc3 60.
Qe6+ Kg7 61. Qe5 Qxe5 62. Rxe5 Kg6 63. Kf1 Nd7 64. Rb5 Nf8 65. Ke2 Ne6 66. Ke3
Ng7 67. Ke4 Ne8 68. Rb6+ Kg7 69. Kf5 1-0

[Event "PRO League Central 2017"]
[Site "chess.com INT"]
[Date "2017.02.01"]
[Round "4"]
[White "Nagy, Gabor1"]
[Black "Movsesian, Sergei"]
[Result "0-1"]
[WhiteTitle "IM"]
[BlackTitle "GM"]
[WhiteElo "2433"]
[BlackElo "2679"]
[WhiteTeam "Budapest Gambit"]
[BlackTeam "London Lions"]
[WhiteFideId "737119"]
[BlackFideId "310204"]
[EventDate "2017.01.11"]

1. d4 Nf6 2. Nf3 g6 3. g3 Bg7 4. Bg2 O-O 5. O-O c6 6. c4 d6 7. Nc3 Qa5 8. e4 e5
9. Rb1 Nbd7 10. d5 Qb4 11. Nd2 a5 12. Na4 Nc5 13. Nxc5 Qxc5 14. b3 Bg4 15. Qe1
cxd5 16. exd5 Bf5 17. Ne4 Nxe4 18. Bxe4 Bxe4 19. Qxe4 f5 20. Qe2 f4 21. Qg4 Rf5
22. gxf4 exf4 23. Bb2 Bxb2 24. Rxb2 b5 25. Rc1 Qd4 26. Re2 bxc4 27. bxc4 Rc8 28.
Re6 Kh8 29. Rxd6 Rxc4 30. Rd8+ Kg7 31. Rd7+ Kh6 32. Rd1 Qe5 33. h4 Re4 34. Qf3
Re3 35. Qg2 f3 36. Qh3 Re1+ 37. Rxe1 Qxe1+ 38. Qf1 Qc3 39. Qh3 Qe1+ 40. Qf1 Qe4
41. Qc1+ g5 42. Qc6+ Kh5 43. Rxh7+ Kg4 44. Qe6 Qb1+ 45. Kh2 Qc2 46. Qb6 Qd2 47.
Rc7 Qf4+ 48. Kg1 Re5 49. Qb1 Kh3 50. Qf1+ Kg4 51. Rc4 Re4 52. Rxe4 Qxe4 53. d6
Kxh4 54. Kh1 Qd4 55. Qb1 Qxd6 56. Qh7+ Kg4 57. Qe4+ Qf4 58. Qe6+ Qf5 59. Qc4+
Kh3 60. Qf1+ Kh4 61. Qc4+ Qg4 62. Qxg4+ Kxg4 63. Kh2 a4 64. a3 Kf4 65. Kh3 g4+
66. Kh2 Ke4 67. Kg3 Kf5 68. Kh2 Kf4 69. Kg1 Ke4 70. Kh2 Kd3 71. Kg3 Ke2 0-1

[Event "PRO League Central 2017"]
[Site "chess.com INT"]
[Date "2017.02.01"]
[Round "4"]
[White "Li, Henry"]
[Black "Pruijssers, Roeland"]
[Result "0-1"]
[BlackTitle "GM"]
[WhiteElo "2247"]
[BlackElo "2502"]
[WhiteTeam "Dublin Desperados"]
[BlackTeam "Apeldoorn Apes"]
[WhiteFideId "2508524"]
[BlackFideId "1013068"]
[EventDate "2017.01.11"]

1. e4 e5 2. Nf3 Nc6 3. Bb5 a6 4. Ba4 Nf6 5. O-O Nxe4 6. d4 b5 7. Bb3 d5 8. dxe5
Be6 9. Nbd2 Be7 10. c3 Nc5 11. Bc2 Bg4 12. Re1 Qd7 13. Nb3 Ne6 14. h3 Bh5 15.
Bf5 O-O 16. Qd3 Bg6 17. Be3 Bxf5 18. Qxf5 Rad8 19. Rad1 Ng5 20. Qxd7 Nxf3+ 21.
gxf3 Rxd7 22. Bc5 Re8 23. e6 Rdd8 24. f4 g6 25. Rd2 Bf6 26. Rde2 fxe6 27. Rxe6
Kf7 28. R6e2 Rxe2 29. Rxe2 Re8 30. Rd2 Re1+ 31. Kg2 Ke6 32. Be3 Be7 33. Bc5 Bd6
34. Bxd6 Kxd6 35. Kf3 Ne7 36. Re2 Rxe2 37. Kxe2 c5 38. Nd2 Nc6 39. Nf3 a5 40.
Ng5 h5 41. Nf3 a4 42. b3 a3 43. Kd3 b4 44. c4 dxc4+ 45. Kxc4 Na5+ 46. Kd3 Nxb3
47. Ne5 Nc1+ 48. Kc2 Nxa2 49. Nxg6 c4 50. f5 b3+ 51. Kb1 Nc3+ 0-1

[Event "PRO League Central 2017"]
[Site "chess.com INT"]
[Date "2017.02.01"]
[Round "4"]
[White "Li, Henry"]
[Black "Van de Oudeweetering, Arthur"]
[Result "1-0"]
[BlackTitle "IM"]
[WhiteElo "2247"]
[BlackElo "2298"]
[WhiteTeam "Dublin Desperados"]
[BlackTeam "Apeldoorn Apes"]
[WhiteFideId "2508524"]
[BlackFideId "1000551"]
[EventDate "2017.01.11"]

1. e4 e5 2. Nf3 Nc6 3. Bb5 a6 4. Ba4 Nf6 5. O-O b5 6. Bb3 Bb7 7. Re1 Bc5 8. c3
d6 9. d4 Bb6 10. a4 h6 11. axb5 axb5 12. Rxa8 Qxa8 13. Na3 O-O 14. Qd3 exd4 15.
cxd4 Nb4 16. Qxb5 Nc6 17. Qd3 Re8 18. e5 dxe5 19. Qg6 exd4 20. Bxf7+ Kf8 21.
Bxe8 Nxe8 22. Nh4 Ne7 23. Qe6 Bc5 24. Ng6+ Nxg6 25. Qxg6 Bd5 26. Qf5+ Kg8 27.
Rxe8+ Qxe8 28. Qxd5+ Kh7 29. Bd2 Qe2 30. Qf5+ Kh8 31. Qc2 d3 32. Qc1 Bxf2+ 33.
Kh1 Bh4 34. Nc4 Bf6 35. Qe1 Qg4 36. b3 Qd4 37. h3 Qd5 38. Qe3 Qf5 39. Kh2 Kh7
40. Qf4 Qd5 41. Ne3 Qb7 42. Qf5+ Kh8 43. Qxd3 Qb6 44. Nd5 Be5+ 45. Bf4 Qd6 46.
Bxe5 Qxe5+ 47. g3 c6 48. Nf4 Qb2+ 49. Ng2 Qc1 50. Qd8+ Kh7 51. Qd3+ Kg8 52. Qc4+
Qxc4 53. bxc4 Kf7 54. Ne3 Ke6 55. Kg2 Ke5 56. Kf3 Kd4 57. Kf4 g6 58. g4 Kd3 59.
h4 Kd4 60. g5 h5 61. Nf5+ Kxc4 62. Ne7 Kb5 63. Nxc6 Kxc6 64. Ke5 Kd7 65. Kf6 Ke8
66. Kxg6 Kf8 67. Kxh5 Kg7 68. Kg4 Kg6 69. h5+ Kg7 70. Kf5 Kf7 71. g6+ Kg7 72.
Kg5 Kg8 73. h6 Kh8 74. Kf6 Kg8 75. g7 Kh7 76. Kf7 1-0

[Event "PRO League Central 2017"]
[Site "chess.com INT"]
[Date "2017.02.01"]
[Round "4"]
[White "Fernandez, Daniel Howard"]
[Black "Vertetics, Attila"]
[Result "1/2-1/2"]
[WhiteTitle "IM"]
[BlackTitle "IM"]
[WhiteElo "2473"]
[BlackElo "2416"]
[WhiteTeam "London Lions"]
[BlackTeam "Budapest Gambit"]
[WhiteFideId "5801605"]
[BlackFideId "723720"]
[EventDate "2017.01.11"]

1. Nf3 d5 2. d4 Nf6 3. Bf4 e6 4. e3 Bd6 5. Bg3 O-O 6. c4 c5 7. Bxd6 Qxd6 8. dxc5
Qxc5 9. Nc3 dxc4 10. Qa4 Nbd7 11. Qxc4 a6 12. Rc1 Qxc4 13. Bxc4 b5 14. Be2 Bb7
15. O-O Rfc8 16. Nd2 Kf8 17. Nb3 Ke7 18. Na5 Bd5 19. g4 h6 20. Nxd5+ Nxd5 21.
Bf3 Ne5 22. Bxd5 exd5 23. h3 Nc4 24. Nxc4 dxc4 25. Rc2 Rc7 26. Kg2 Ke6 27. Kf3
Rac8 28. Ke4 c3 29. bxc3 Rxc3 30. Rxc3 Rxc3 31. f4 Rc4+ 32. Kd3 Ra4 33. Rf2 Kd5
34. Rd2 Ke6 35. h4 g6 36. Ke2 a5 37. Kf3 Ra3 38. h5 gxh5 39. gxh5 f5 40. Rg2 b4
41. Rg6+ Kf7 42. Rxh6 Rxa2 43. Rb6 Rb2 44. Ra6 Ra2 45. Rb6 Rh2 46. Rb5 Rxh5 47.
Rxa5 b3 48. Rb5 Rh3+ 49. Ke2 b2 50. Kd3 Ke6 51. Rb6+ Kf7 52. Rxb2 Rh6 53. Rb5
Rd6+ 54. Ke2 Kf6 55. Kf3 Rc6 56. Rb1 Rd6 57. Kg3 Re6 58. Rb3 Kg6 59. Kf2 Kf6 60.
Ke2 Rd6 61. Rb4 Rc6 62. Kd3 Rd6+ 63. Rd4 Rc6 64. Rd8 Ra6 65. Rf8+ Ke6 66. Rh8
Rd6+ 67. Ke2 Rd5 68. Kf3 Ra5 69. Kg3 Ra3 70. Kh4 Kf6 71. Re8 Ra1 72. Rb8 Rh1+
73. Kg3 Rd1 74. Rb6+ Kf7 75. Rb3 Rg1+ 76. Kh4 Kf6 77. Rb6+ Kf7 78. Rb5 Kf6 79.
Kh3 Re1 80. Re5 Rg1 81. Kh2 Rg8 82. Rb5 Rg4 83. Rb6+ Kf7 84. Rb2 Kf6 85. Rg2
Rh4+ 86. Kg3 Rh8 87. Kf3 Rd8 88. Rb2 Rd6 89. Ke2 Rc6 90. Rb4 Rd6 91. Rd4 Ra6 92.
Rc4 Rb6 93. Kd3 Rb3+ 94. Kd4 Rb6 95. Kd5 Rb3 96. Rc6+ Kf7 97. Kd4 Ra3 98. Rb6
Ke7 99. Rc6 Kf7 100. Rc3 Ra7 101. Kd5 Re7 102. Kd6 Re6+ 103. Kd5 Re7 104. Rb3
Kf6 105. Kd4 Rd7+ 106. Kc4 Rc7+ 107. Kd3 Rd7+ 108. Ke2 Rd6 109. Rb4 Rc6 110. Kd3
Rd6+ 111. Kc4 Re6 112. Rb3 Rd6 113. Kc5 Rd1 114. Ra3 Rd2 115. Ra6+ Ke7 116. Kc4
Rd1 117. Ra3 Ke6 118. Rd3 Ra1 119. Rb3 Rd1 120. Rc3 Rd2 121. Kb5 Rd5+ 122. Kb6
Rd1 123. Rc8 Rd3 124. Re8+ Kf6 125. Kc5 Rd1 126. Ra8 Rd3 127. Re8 1/2-1/2

[Event "PRO League Central 2017"]
[Site "chess.com INT"]
[Date "2017.02.01"]
[Round "4"]
[White "Kazhgaleyev, Murtas"]
[Black "Burg, Twan"]
[Result "0-1"]
[WhiteTitle "GM"]
[BlackTitle "GM"]
[WhiteElo "2594"]
[BlackElo "2508"]
[WhiteTeam "Cannes Blockbusters"]
[BlackTeam "Hamburg Swashbucklers"]
[WhiteFideId "13700316"]
[BlackFideId "1010697"]
[EventDate "2017.01.11"]

1. d4 Nf6 2. c4 e6 3. Nf3 d5 4. Nc3 Be7 5. Bf4 O-O 6. e3 Nbd7 7. c5 Ne4 8. Qc2
f5 9. Nb5 c6 10. Bc7 Qe8 11. Nc3 b6 12. cxb6 axb6 13. Be2 Ba6 14. O-O Nxc3 15.
bxc3 Bxe2 16. Qxe2 Qc8 17. Bf4 Qa6 18. Qc2 Qa4 19. Qd3 Qa6 20. Qd2 Qc4 21. Rfb1
Ra3 22. Rc1 Rfa8 23. Rc2 h6 24. h3 Qa4 25. g4 Nf6 26. gxf5 exf5 27. Qc1 b5 28.
Ne5 Qa6 29. Kh1 c5 30. Bxh6 gxh6 31. Qg1+ Kf8 32. Qg6 Qe6 33. Rg1 Rxa2 34. Qxh6+
Ke8 35. Rxa2 Rxa2 36. Rg7 Ra1+ 37. Kg2 b4 38. cxb4 cxb4 39. Qh8+ Bf8 40. Rb7 Ra8
41. Kh2 f4 42. exf4 Qf5 43. Nd3 Nd7 44. Qh4 Ra3 45. Ne5 Nxe5 46. dxe5 Rf3 47.
Kg2 Rxf4 48. Qg3 Qe4+ 49. Kh2 Rf3 50. Rb8+ Kf7 51. e6+ Kxe6 52. Qg8+ Ke7 53.
Rb7+ Kd6 54. Rf7 Rxf7 55. Qxf7 Be7 0-1